Normal view
MARC view
- NUMERICAL CALCULATIONS HANDBOOK ENGINEERING MATHEMATICS HANDBOOK
Entry Topical Term
001 - CONTROL NUMBER
- control field: 74667
003 - CONTROL NUMBER IDENTIFIER
- control field: NUST
005 - DATE AND TIME OF LATEST TRANSACTION
- control field: 20210628205250.0
008 - FIXED-LENGTH DATA ELEMENTS
- fixed length control field: 210628|| aca||aabn | a|a d
040 ## - CATALOGING SOURCE
- Original cataloging agency: NUST
- Transcribing agency: NUST
150 ## - HEADING--TOPICAL TERM
- Topical term or geographic name entry element: NUMERICAL CALCULATIONS HANDBOOK ENGINEERING MATHEMATICS HANDBOOK
670 ## - SOURCE DATA FOUND
- Source citation: Work cat.: (NUST): Tuma, J. J 74666, Hanbdook of numerical clculation in engineering definition numerical examples tables of formulas and tables of functions, 1989
